<?xml version="1.0" encoding="UTF-8"?>
<record
    xmlns:xsi="http://www.w3.org/2001/XMLSchema-instance"
    xsi:schemaLocation="http://www.loc.gov/MARC21/slim http://www.loc.gov/standards/marcxml/schema/MARC21slim.xsd"
    xmlns="http://www.loc.gov/MARC21/slim">

  <leader>01923nam a22002417a 4500</leader>
  <controlfield tag="003">OSt</controlfield>
  <controlfield tag="005">20240416091858.0</controlfield>
  <controlfield tag="008">231009s2014    ag ||||| |||| 00| 1 spa d</controlfield>
  <datafield tag="020" ind1=" " ind2=" ">
    <subfield code="a">9789507534041</subfield>
  </datafield>
  <datafield tag="040" ind1=" " ind2=" ">
    <subfield code="c">besoc</subfield>
  </datafield>
  <datafield tag="245" ind1=" " ind2=" ">
    <subfield code="a">Cuatro cuentos fant&#xE1;sticos /</subfield>
    <subfield code="c">B&#xE9;cquer ... [et al.]</subfield>
  </datafield>
  <datafield tag="260" ind1=" " ind2=" ">
    <subfield code="a">Buenos Aires :</subfield>
    <subfield code="b">C&#xE1;ntaro,</subfield>
    <subfield code="c">2014</subfield>
  </datafield>
  <datafield tag="300" ind1=" " ind2=" ">
    <subfield code="a">85 p.</subfield>
  </datafield>
  <datafield tag="490" ind1=" " ind2=" ">
    <subfield code="a">Colecci&#xF3;n del Mirador</subfield>
  </datafield>
  <datafield tag="505" ind1=" " ind2=" ">
    <subfield code="a">Puertas de acceso -- Hacia una definici&#xF3;n del genero fant&#xE1;stico -- Ni extra&#xF1;o ni maravilloso -- Un contexto realista -- Un final abierto -- Personaje y punto de vista -- Los temas ilimitados -- Lo fant&#xE1;stico y lo legendario en "Los ojos verdes" -- Lo fant&#xE1;stico y lo sagrado en "La lluvia de fuego" -- Lo fant&#xE1;stico y lo cotidiano en "La pata del mono" -- Lo fant&#xE1;stico y lo hist&#xF3;rico en "El hombrecito del azulejo" -- Un g&#xE9;nero camale&#xF3;nico -- La Obra: Los ojos verdes / Adolfo Gustavo B&#xE9;cquer -- La lluvia del fuego / Leopoldo Lugones -- La pata del mono / William Wymark Jacobs -- El hombrecito del azulejo / Manuel Mujica L&#xE1;inez -- Bibliograf&#xED;a.-</subfield>
  </datafield>
  <datafield tag="520" ind1=" " ind2=" ">
    <subfield code="a">La realidad que habitamos no esta tan solida ni tan transparente como creemos percibir. Numerosos sucesos fuera de lo com&#xFA;n suelen poner en tela de juicio la consistencia de lo cotidiano. En ese impreciso l&#xED;mite entre lo real y lo imposible se ubican los cuatro relatos de la antolog&#xED;a. El genero fant&#xE1;stico propone al lector la opci&#xF3;n de creer ciegamente, entregarse a las ambig&#xFC;edades o formular permanentes e interminables hip&#xF3;tesis sobre lo extra&#xF1;o o inveros&#xED;mil. [Nota del editor]</subfield>
  </datafield>
  <datafield tag="650" ind1=" " ind2="4">
    <subfield code="a">Literatura</subfield>
    <subfield code="v">Cuentos fant&#xE1;sticos</subfield>
    <subfield code="x">Colecci&#xF3;n juvenil</subfield>
    <subfield code="y">Siglo XIX</subfield>
    <subfield code="y">Siglo XX</subfield>
  </datafield>
  <datafield tag="700" ind1="1" ind2=" ">
    <subfield code="a">B&#xE9;cquer, Adolfo Gustavo,</subfield>
    <subfield code="e">(1836-1870)</subfield>
    <subfield code="d">autor</subfield>
  </datafield>
  <datafield tag="700" ind1="1" ind2=" ">
    <subfield code="a">Lugones, Leopoldo</subfield>
    <subfield code="d">(1874-1938)</subfield>
    <subfield code="e">autor</subfield>
  </datafield>
  <datafield tag="700" ind1="1" ind2=" ">
    <subfield code="a">Jacobs, William Wymark, </subfield>
    <subfield code="d">(1863-1943)</subfield>
    <subfield code="e">autor</subfield>
  </datafield>
  <datafield tag="700" ind1="1" ind2=" ">
    <subfield code="a">Mujica L&#xE1;inez, Manuel</subfield>
    <subfield code="d">(1910-1984)</subfield>
    <subfield code="e">autor</subfield>
  </datafield>
  <datafield tag="942" ind1=" " ind2=" ">
    <subfield code="2">udc</subfield>
    <subfield code="c">LPD</subfield>
    <subfield code="n">0</subfield>
  </datafield>
  <datafield tag="999" ind1=" " ind2=" ">
    <subfield code="c">104</subfield>
    <subfield code="d">104</subfield>
  </datafield>
  <datafield tag="952" ind1=" " ind2=" ">
    <subfield code="0">0</subfield>
    <subfield code="1">0</subfield>
    <subfield code="2">udc</subfield>
    <subfield code="4">0</subfield>
    <subfield code="7">0</subfield>
    <subfield code="8">CG</subfield>
    <subfield code="a">ESOCIALES</subfield>
    <subfield code="b">ESOCIALES</subfield>
    <subfield code="d">2023-10-10</subfield>
    <subfield code="l">0</subfield>
    <subfield code="o">82-34 C961</subfield>
    <subfield code="p">000599</subfield>
    <subfield code="r">2023-10-10 00:00:00</subfield>
    <subfield code="w">2023-10-10</subfield>
    <subfield code="y">LPD</subfield>
  </datafield>
</record>
